Quizzes
Events
Quiz Creation
Community
Videos
Private Events
Remove Ads
Sign In
Join for FREE
Feedback
Dark Mode
Quiz Categories
Sports
Geography
Music
Movies
Television
Just For Fun
Miscellaneous
History
Literature
Language
Science
Gaming
Entertainment
Religion
Holiday
For Kids
Quiz Lab
Recent
Popular Today
Quiz Kudos Today
Editor Picks
Curator Picks
Quizzes by...
Day
Popularity
Type
Ratings
Length
Year
Community
Subscriptions
Recent Discussions
Orange Saloon
Badges
Playlists
Quests
Create
Leaderboards
Showdown
Live 5
Trivia Bingo
Activity
Puzzle Library
Sporcle Events
Private Events
Virtual Trivia
Globe League
Become a Host
Pub Owners
SporcleCon
Opinionation
Our Games
Videos
Blog
Mobile Apps
Partnerships
Remove Ads and Go Orange
Feedback
History
US Presidents
World Leaders
Politics
Nation
Discovery
War
Decade
Year
Century
Biography
Art
History
US Presidents
World Leaders
Politics
Nation
Discovery
War
Decade
Year
Century
Biography
Art
Random Quiz
Search Sporcle
×
Quiz Lab
Quiz Lab
History
Politics
Select answers by clicking on text or image buttons
Select answers by clicking on text or image buttons
Clickable
Best Score? Go Orange.
Who Won the State (2012 Election) Stats
Can you pick the winner of each state in the 2012 election?
By
tvshowguy
6m
59 Questions
87 Plays
87 Plays
87 Plays
Comments
Comments
Give Quiz Kudos
Give Quiz Kudos
-
- Ratings
hide this ad
More Info
Forced Order
Answers have to be entered in order
Answers have to be entered in order
Minefield
Wrong answers will end the quiz
Wrong answers will end the quiz
Replay
Link that replays current quiz
Next Quiz
Link to next quiz in quiz playlist
You Got
0%
They Got
Avg Score
58%
Avg Friend Score
Upgrade to see
Score Distribution
Jump to the score distribution portion of the page
Score
0/59
Timer
06:00
0
Plays Today
% Correct
???
71.3%
???
70.1%
???
70.1%
???
67.8%
???
66.7%
???
66.7%
???
65.5%
???
65.5%
???
65.5%
???
64.4%
???
64.4%
???
64.4%
???
63.2%
???
63.2%
???
63.2%
???
62.1%
???
60.9%
???
60.9%
???
60.9%
???
59.8%
???
59.8%
???
58.6%
???
58.6%
???
58.6%
???
58.6%
???
58.6%
???
58.6%
???
58.6%
???
58.6%
???
57.5%
% Correct
???
57.5%
???
57.5%
???
57.5%
???
56.3%
???
56.3%
???
56.3%
???
56.3%
???
56.3%
???
55.2%
???
55.2%
???
55.2%
???
55.2%
???
55.2%
???
55.2%
???
55.2%
???
55.2%
???
55.2%
???
55.2%
???
54%
???
54%
???
52.9%
???
52.9%
???
51.7%
???
51.7%
???
51.7%
???
51.7%
???
50.6%
???
50.6%
???
49.4%
Quiz Playlist
Details
Report
Send in Message
Add To Playlist
More Info:
*Popular Votes and Percentages set to change as some state's results are still outstanding*
Clickable:
Select answers by clicking on text or image buttons
Forced Order:
Answers have to be entered in order
Minefield:
Wrong answers will end the quiz
Quiz Source
Last Updated: Feb 16, 2017
Quiz Scoreboard
CHALLENGE
Sign Up to Join the Scoreboard
Show All
Scores
Hide
Comments
May contain spoilers
Recently Published
College Basketball Coaching Resumes
by pancakes188
Sports
9m
Billboard Blitz: Fleetwood Mac
by CooCooCachoo
Music
15s
Presidents Visiting Landmarks
by Hejman
History
7m
More to Explore
Quiz From the Vault
Featured Blog Post
Where Did the Easter Bunny Come From?
hide this ad
You Might Also Like...
Tags
Politics Quiz
US Presidents Quiz
Barack Obama
election
Presidential Candidates
Today's Top Quizzes in History
Browse History
hide this ad
Today's Top Quizzes in Politics
Browse Politics
Top Contributed Quizzes in History
1
Popular People in 1991
2
Popular People in 1981
3
Popular People in 1951
4
Popular People in 1941
5
Popular People in 1986
6
Popular People in 1976
7
Popular People in 1921
8
I Am Born On March 28th
9
5-to-1: 20th Century Images of War
10
Popular People in 1946
Explore More
Trending Topics
Marvel
Disney
Anime
Kpop
NBA
Harry Potter
Crossword
Song
Country
NFL
Puzzle
The Office
Pokémon
WWE
Soccer
hide this ad
More By:
tvshowguy
Quiz
Plays
Rating
Category
Featured
Created
Finish the Friends Line (Part II)
4,996
3.77
Television
Dec 9, 2012
Finish the Psych line (Next three seasons)
2,258
4.88
Television
Nov 21, 2012
Finish the Friends Line
2,173
4.20
Television
Oct 23, 2012
Finish the Maroon 5 Lyrics
1,373
4.67
Music
Oct 13, 2012
Finish the Psych line (First three seasons)
1,099
5.00
Television
Nov 21, 2012
Go to Creator's Profile
Score Distribution
Quiz Creator Spotlight
tvshowguy
Follow
Send a Message
Quizzes Created
-
Created Quiz Play Count
-
More By This Creator
Popular Quizzes Today
1
Find the US States - No Outlines Minefield
2
Find the Countries of Europe - No Outlines Minefield
3
The Countries of the World
4
Find the US States
5
Risky Map Clicking: Biggest States A-Z
6
US States
7
Popular People in 1961
8
Movies - When Are They Set?
More History Quizzes
Who's That With Steve Jobs?
Quiz Lab
Trending Quizzes
Risky Map Clicking: Least Populous States A-Z
1-10 Letter G Words
1-10 Letter F Words
Risky Map Clicking: Next State Alphabetically
Click the Washington State Counties! (Map)
Recently Updated
Leaping Animals
pecheneg
Reality TV Shows (A-Z)
bhenderson79
Rickey Henderson's Hall of Fame Teammates
pecheneg
Champions League XIs: Arsenal
pecheneg
Quick Pick: Celebrities in WWE's Hall of Fame
aduchscher
A-Z Keypad Blitz II
pecheneg
Multiple Oscar Actors
pecheneg
Mystery Phrase Blitz: Oscar 'Best Actors'
pecheneg
F. Scott Fitzgerald Novels
LTH
Pick 3 Villains
ddd62291
Trending Topics
Crossword
NBA
Kpop
Anime
Disney
Marvel
Harry Potter
Soccer
The Office
Puzzle
Pokémon
WWE
Country
Song
NFL
Your Account Isn't Verified!
In order to create a playlist on Sporcle, you need to verify the email address you used during registration. Go to your
Sporcle Settings
to finish the process.
Report this User
Report this user for behavior that violates our
Community Guidelines
.
Details:
Send Report
Go to the Sporcle.com Mobile Site →
Comments